Evaluación pedagógica y cognición (Registro nro. 928)
[ vista simple ]
| 000 -CABECERA | |
|---|---|
| campo de control de longitud fija | 00884aam a2200313 4500 |
| 005 - FECHA Y HORA DE ACTUALIZACIÓN | |
| campo de control | 20170111181149.0 |
| 008 - LONGITUD FIJA | |
| campo de control de longitud fija | 150225b xxu||||| |||| 00| 0 eng d |
| 041 ## - IDIOMA | |
| Código de idioma del texto/pista de sonido o título separado | |
| 082 ## - CLASIFICACIÓN DECIMAL DEWEY | |
| Número de clasificación | 371.144 F634e |
| 100 ## - AUTOR PERSONAL | |
| Nombre de persona | Florez Ochoa, Rafael |
| 245 ## - TÍTULO PROPIAMENTE DICHO | |
| Título | Evaluación pedagógica y cognición |
| 260 ## - PIE DE IMPRENTA | |
| Lugar de publicación, distribución, etc. | Colombia |
| 260 ## - PIE DE IMPRENTA | |
| Nombre del editor, distribuidor, etc. | McGraw-Hill |
| 260 ## - PIE DE IMPRENTA | |
| Fecha de publicación, distribución, etc. | 2000 |
| 300 ## - DESCRIPCIÓN FÍSICA | |
| Extensión | 226 páginas |
| 650 ## - Materia General | |
| Materia general | EVALUACIÓN EDUCATIVA |
| 650 ## - Materia General | |
| Materia general | EVALUACIÓN PEDAGÓGICA |
| 650 ## - Materia General | |
| Materia general | EPISTEMOLÓGICO |
| 650 ## - Materia General | |
| Materia general | PROGRESO INDIVIDUAL |
| 650 ## - Materia General | |
| Materia general | EVALUACIÓN DEL APRENDIZAJE |
| 650 ## - Materia General | |
| Materia general | PROGRAMAS EDUCATIVOS |
| 650 ## - Materia General | |
| Materia general | CURRICULO |
| 650 ## - Materia General | |
| Materia general | CIENCIAS |
| 650 ## - Materia General | |
| Materia general | MATEMÁTICAS |
| 650 ## - Materia General | |
| Materia general | ENSEÑANZA |
| 650 ## - Materia General | |
| Materia general | EVALUACIÓN DOCENTE |
| 650 ## - Materia General | |
| Materia general | INVESTIGACIÓN |
| 942 ## - Punto de Acceso Adicional Koha | |
| Tipo de ítem Koha | Libro |
| Estado perdido | Estado dañado | No para préstamo | Biblioteca permanente | Biblioteca actual | Signatura completa | Código de barras | Tipo de ítem |
|---|---|---|---|---|---|---|---|
| Departamento de Biblioteca y Documentación Alfonso Chase Brenes | Departamento de Biblioteca y Documentación Alfonso Chase Brenes | 371.144 F634e | 8361 | Libro |